000 00559nam a22001817a 4500
005 20251108164856.0
008 250721s1983 xx 000 0 ara d
082 1 4 _a372.21/سعد
100 1 _aأحمد، سعد مرسي
245 1 0 _aتربية الطفل قبل المدرسة /
264 1 _aعمان :
_bالدار العربية للنشر و التوزيع،
_c1983.
300 _a441ص
650 1 7 _aالتربية
650 1 7 _aالتعليم الإبتدائي
700 1 _aكوجك، كوثر حسين
942 _2ddc
_cBK
999 _c16426
_d16426